[Event "EU-ch Schools U17 Girls"]
[Site "Limerick"]
[Date "2024.06.05"]
[Round "7"]
[White "Souralova, Jana"]
[Black "Engel, Ecrin Tuana"]
[Result "0-1"]
[WhiteElo "1557"]
[BlackElo "1576"]
[PlyCount "54"]
[EventDate "2024.05.31"]
[EventType "tourn"]
[EventRounds "9"]
[EventCountry "IRL"]
[SourceTitle "CB24_2024"]
[SourceDate "2024.06.12"]
[SourceVersion "1"]
[SourceVersionDate "2024.06.12"]
[SourceQuality "1"]

1. e4 c5 2. Nf3 e6 3. d4 cxd4 4. Nxd4 a6 5. Nc3 b5 6. a3 Bb7 7. Bd3 Qc7 8. 0-0 Nf6 9. Re1 Nc6 10. Be3 Bd6 11. h3 Bh2+ 12. Kh1 Bf4 13. Qd2 Bxe3 14. Qxe3 Ne5 15. Rad1 Rc8 16. Qg5 0-0 17. f4 Nxd3 18. Rxd3 h6 19. Qh4 Qb6 20. g4 Nxe4 21. Kh2 Nxc3 22. bxc3 Qa5 23. g5 h5 24. Qxh5 Rxc3 25. g6 fxg6 26. Qxg6 Rxd3 27. Nxe6 Qd2+ 0-1

[Event "TUR-ch (Women)"]
[Site "Gaziantep"]
[Date "2024.03.06"]
[Round "5"]
[White "Karka, Kardelen"]
[Black "Engel, Ecrin Tuana"]
[Result "0-1"]
[WhiteElo "1501"]
[BlackElo "1648"]
[PlyCount "96"]
[EventDate "2024.03.03"]
[EventType "swiss"]
[EventRounds "9"]
[EventCountry "TUR"]
[SourceTitle "CB11_2024"]
[SourceDate "2024.03.13"]
[SourceVersion "1"]
[SourceVersionDate "2024.03.13"]
[SourceQuality "1"]

1. e4 c5 2. Nf3 e6 3. Nc3 a6 4. d4 cxd4 5. Nxd4 b5 6. Nce2 Bb7 7. Ng3 Nf6 8. Bd3 Bc5 9. Nb3 Bb6 10. Qf3 h6 11. 0-0 0-0 12. Qe2 d5 13. Kh1 Nc6 14. exd5 Qxd5 15. Be3 Nd4 16. Be4 Nxe2 17. Bxd5 Nxg3+ 18. hxg3 Nxd5 19. Bxb6 Nxb6 20. f4 Rac8 21. c3 Nc4 22. Rf2 Rfd8 23. Nd4 Ne3 24. Re1 Nf5 25. Nxf5 exf5 26. Rfe2 Be4 27. g4 Rc7 28. gxf5 Bxf5 29. a3 Kf8 30. Re5 Bg4 31. Kh2 f6 32. R5e3 Rdd7 33. Kg3 h5 34. Re8+ Kf7 35. Ra8 Ra7 36. Rae8 Re7 37. R1xe7+ Rxe7 38. Rxe7+ Kxe7 39. Kf2 Kd6 40. Ke3 Kd5 41. g3 Kc4 42. Ke4 Kb3 43. Kd5 Kxb2 44. Kc5 Kxc3 45. Kb6 Kb3 46. Kxa6 Ka4 47. Kb6 g5 48. fxg5 fxg5 0-1

[Event "TUR-ch (Women)"]
[Site "Gaziantep"]
[Date "2024.03.05"]
[Round "4"]
[White "Engel, Ecrin Tuana"]
[Black "Hatuk, Neris"]
[Result "0-1"]
[WhiteElo "1648"]
[BlackElo "1536"]
[PlyCount "158"]
[EventDate "2024.03.03"]
[EventType "swiss"]
[EventRounds "9"]
[EventCountry "TUR"]
[SourceTitle "CB11_2024"]
[SourceDate "2024.03.13"]
[SourceVersion "1"]
[SourceVersionDate "2024.03.13"]
[SourceQuality "1"]

1. e4 c6 2. Nc3 d5 3. Nf3 Bg4 4. Be2 Nf6 5. e5 Nfd7 6. d4 e6 7. Ng5 Bxe2 8. Qxe2 Be7 9. Qh5 g6 10. Qh6 Bf8 11. Qh3 h6 12. Nxe6 fxe6 13. Qxe6+ Qe7 14. Qxg6+ Qf7 15. Qg4 Rg8 16. Qh3 Qg6 17. 0-0 Qg4 18. Qxg4 Rxg4 19. f4 Na6 20. h3 Rg8 21. f5 0-0-0 22. Bf4 Nb4 23. Rac1 c5 24. e6 Nf6 25. Nb5 Nc6 26. Bc7 Re8 27. Be5 Ne4 28. c3 Nxe5 29. dxe5 a6 30. Na3 c4 31. Nc2 Rg3 32. Kh2 Rg5 33. Nd4 Bc5 34. Rf3 Reg8 35. Rc2 Rf8 36. g4 h5 37. gxh5 Rxh5 38. Rg2 Rfh8 39. f6 Ng5 40. Rf5 Rxh3+ 41. Kg1 Bxd4+ 42. cxd4 Nxe6 43. f7 Rf8 44. Rg6 Nxd4 45. Rg8 Ne6 46. Rf6 Kd7 47. Rxe6 Kxe6 48. Rxf8 Rf3 49. Re8+ Kxf7 50. Rb8 Ke6 51. Rxb7 Kxe5 52. Kg2 Rd3 53. Kf2 d4 54. Ke2 Rh3 55. Re7+ Kd6 56. Rb7 d3+ 57. Kd2 Rh2+ 58. Kd1 Kc6 59. Rb4 Kc5 60. a3 Rh1+ 61. Kd2 Kd4 62. Rb8 Rh2+ 63. Kd1 Rg2 64. Rd8+ Kc5 65. Rc8+ Kb5 66. Rb8+ Ka5 67. Kc1 Rc2+ 68. Kd1 c3 69. bxc3 Rxc3 70. Kd2 Rxa3 71. Rb1 Ka4 72. Rb6 a5 73. Rb8 Rb3 74. Ra8 Kb4 75. Rb8+ Ka3 76. Ra8 a4 77. Rh8 Kb2 78. Kd1 a3 79. Rh2+ Kb1 0-1